Organization and management in the criminal justice system: a text/reader (Record no. 52828)

MARC details
000 -LEADER
fixed length control field 00619nam a2200157 a 4500
008 - FIXED-LENGTH DATA ELEMENTS--GENERAL INFORMATION
fixed length control field 150617s2014 ||||||||||||||||| || u
020 ## - INTERNATIONAL STANDARD BOOK NUMBER
International Standard Book Number 9781452219929
050 ## - LIBRARY OF CONGRESS CALL NUMBER
Classification number HV 7419 Gib
100 ## - MAIN ENTRY--PERSONAL NAME
Personal name Giblin, Matthew J
245 10 - TITLE STATEMENT
Title Organization and management in the criminal justice system: a text/reader
Statement of responsibility, etc. by Matthew J. Giblin
260 ## - PUBLICATION, DISTRIBUTION, ETC.
Place of publication, distribution, etc. Los Angeles
Name of publisher, distributor, etc. SAGE Publications
Date of publication, distribution, etc. 2014
300 ## - PHYSICAL DESCRIPTION
Extent xxii, 648p.
350 ## - PRICE (NR) (BK AM CF MU VM SE) [OBSOLETE]
Price 89.00
650 ## - SUBJECT ADDED ENTRY--TOPICAL TERM
Topical term or geographic name entry element CRIMINAL JUSTICE
995 ## - RECOMMENDATION 995 [LOCAL, UNIMARC FRANCE]
-- CBU-MAIN LIBRARY (Kitwe)
-- 89.00
-- 1
-- AVAILABLE
-- Sep 3, 2015
-- Main Library Open Access Collection
Holdings
Withdrawn status Lost status Source of classification or shelving scheme Damaged status Not for loan Home library Current library Shelving location Date acquired Total Checkouts Full call number Barcode Date last seen Price effective from Koha item type
          CBU-MAIN LIBRARY, KITWE. CBU-MAIN LIBRARY, KITWE.   11/30/2022   HV 7419 Gib 745531 11/30/2022 11/30/2022 MONOGRAPH